Reprezentacja Polski U-21 na ME 2019 - Statystyki

Ogólne statystyki
  • Ten quiz został rozwiązany 407 razy
  • Średni wynik to 13 z 23
Statystyki odpowiedzi
Pozycja Klub Zawodnik % Poprawnych
Napastnik Fortuna Duesseldorf Dawid Kownacki
94%
Bramkarz AGF Aarhus Kamil Grabara
93%
Obrońca Charlton Athletic FC Krystian Bielik
85%
Napastnik PAOK FC Karol Świderski
79%
Obrońca Lech Poznań Robert Gumny
72%
Pomocnik Legia Warszawa Sebastian Szymański
72%
Bramkarz Górnik Zabrze Tomasz Loska
71%
Obrońca Legia Warszawa Mateusz Wieteska
69%
Napastnik Pogoń Szczecin Adam Buksa
67%
Pomocnik Górnik Zabrze Szymon Żurkowski
65%
Pomocnik Piast Gliwice Patryk Dziczek
64%
Pomocnik Lech Poznań Kamil Jóźwiak
63%
Obrońca Lechia Gdańsk Karol Fila
62%
Bramkarz Wisła Kraków Mateusz Lis
60%
Pomocnik KRC Genk Jakub Piotrowski
55%
Obrońca Górnik Zabrze Paweł Bochniewicz
54%
Obrońca Chrobry Głogów Kamil Pestka
47%
Pomocnik Zagłębie Lubin Filip Jagiełło
40%
Napastnik Piast Gliwice Paweł Tomczyk
35%
Pomocnik Lechia Gdańsk Konrad Michalak
33%
Pomocnik Podbeskidzie Bielsko-Biała Przemysław Płacheta
30%
Pomocnik Cracovia Mateusz Wdowiak
27%
Obrońca Podbeskidzie Bielsko-Biała Dominik Jończy
12%
Nie znaleziono quizów pasujących do podanych kryteriów
Rozkład punktacji
Procent ludzi z każdym wynikiem
Percentyl według liczby udzielonych odpowiedzi
Twoja historia wyników
Nie rozwiązałeś tego quizu